| 000 | 00956 a2200277 4500 | ||
|---|---|---|---|
| 003 | OSt | ||
| 005 | 20230711093238.0 | ||
| 008 | 230204s2012 mx a|||f |||| 001 0 spa d | ||
| 020 | _a9786071712066 | ||
| 040 | _cCHAP | ||
| 082 | 0 | 0 |
_222 _a635.6421 _bT65 2012 |
| 245 | 0 | 0 |
_aTomates / _cbasado en el trabajo de J. N. M. Van Haeff; con la colaboración de José R. Mondoñedo, David B. Parsons y J. Medina Figueroa |
| 250 | _aCuarta edición | ||
| 264 | 1 |
_aMéxico: _bTrillas, _c2012. |
|
| 300 |
_a77 páginas: _bIlustraciones, cuadros. |
||
| 490 | 1 | _aManuales para educación agropecuaria. | |
| 504 | _aIncluye índice y bibliografía. | ||
| 650 | 4 |
_9130266 _aTomate _xCultivo |
|
| 650 | 4 |
_9113748 _aTomate _xPlagas |
|
| 650 | 4 |
_9113711 _aTomate _xEnfermedades |
|
| 700 | 1 |
_9117766 _aVan Haeff, J. N. M. |
|
| 700 | 1 |
_977476 _aMondoñedo, José R. |
|
| 700 | 0 |
_985775 _aParsons, David B. |
|
| 700 | 1 |
_9187551 _aMedina Figueroa, J. |
|
| 942 |
_cLibro _2ddc |
||
| 999 |
_c218263 _d218263 |
||